000 00561nam a2200193Ia 4500
003 OSt
005 20200730105743.0
008 190216s9999||||xx |||||||||||||| ||und||
020 _a0201104067
040 _coclc
082 _a512.02
_bFRA/F
100 _aFraleigh, John B
_93849
245 2 _aA First Course In Abstract Algebra /
_cJohn B Fraleigh
250 _a3rd Ed.
260 _bAddison Wesley Publishing Company,
_c1998.
_aLondon:
300 _a478p
650 _aMathematics
942 _cBK
_2ddc
_h512.02
_iFRA/F
_k512.02
_mFRA/F
999 _c30809
_d30809